Golden (K-Pop Demon Hunters, Huntrix) - lyrics - Statistics

General Stats
  • This quiz has been taken 487 times
  • The average score is 198 of 300
Answer Stats
Answer % Correct
I
98%
a
97%
was
92%
alone
90%
ghost
86%
to
85%
To
85%
be
84%
I'm
81%
golden
80%
No
80%
no
80%
We
79%
we
79%
up
77%
born
75%
Born
75%
Like
75%
like
75%
now
75%
Now
75%
shining
75%
going
74%
hiding
74%
know
74%
the
74%
We're
74%
we're
74%
me
73%
our
73%
that
73%
Gonna
72%
gonna
72%
moment
72%
How
71%
how
71%
But
70%
done
70%
It's
70%
it's
70%
believe
69%
Cause
69%
meant
69%
queen
68%
got
67%
live
67%
too
67%
child
66%
wild
66%
that's
66%
That's
66%
voices
66%
Voices
66%
didn't
65%
getting
65%
my
65%
paid
64%
problem
64%
You
64%
own
63%
sides
63%
two
63%
both
62%
are
61%
find
61%
lives
61%
so
61%
couldnt
60%
Oh
60%
throne
60%
Called
59%
Given
59%
glowing
59%
with
59%
place
58%
lived
57%
and
54%
And
54%
hunters
54%
play
54%
far
53%
Tried
53%
who
53%
more
52%
strong
52%
together
52%
on
51%
came
50%
stage
49%
fear
48%
I'll
48%
in
47%
lies
47%
time
46%
dreaming
45%
hard
45%
these
44%
all
42%
girl
42%
patterns
42%
see
42%
they
41%
past
40%
walls
40%
break
38%
long
38%
down
36%
feel
36%
ah
34%
Waited
34%
finally
34%
wake
33%
hah
32%
Put
32%
su
11%
apgil
8%
soge
7%
eoduwojin
6%
wonhi
5%
yeong
5%
Yeong
5%
eomneun
4%
kkaejil
4%
urin
4%
balkge
3%
kkeuteopsi
3%
bitnaneun
2%
No matching quizzes found
Score Distribution
Percent of People with Each Score
Percentile by Number Answered
Your Score History
You have not taken this quiz